000
00281nam a2200121Ia 4500
003
OSt
005
20230901061207.0
008
170523s9999 xx 000 0 und d
040
_c
IIMT UNIVERSITY
100
_a
SHARMA- DHIRAJ
245
0
_a
DICTIONARY OF MANAGEMENT
942
_2
ddc
_c
02
999
_c
10200
_d
10200